000 00848nam a22002177a 4500
003 NALT
005 20210325205154.0
008 s2547 th f tha d
020 _a9746601369
040 _aNALT
090 _aFIC
_bส988ล 2547
100 0 _aโสภี พรรณราย
_99527
245 1 0 _aลิลลี่สีกุหลาบ /
_cโสภี พรรณราย.
250 _aพิมพ์ครั้งที่ 2
260 _aกรุงเทพฯ :
_bดับเบิ้ลนายน์ พริ้นติ้ง,
_c2547.
300 _a483 หน้า ;
_b
_c18 ซม.
650 4 _aนวนิยาย
_93785
850 _aNALT
942 _cFIC
_2local
998 _bชวนพิชญ์ รัตนาไพบูลย์
_aphon
_cphon
_j104
_k สายฝน ดีงาม
999 _c62835
_d62835